Rozpočtování a ceny v investiční výstavbě a vědeckotechnickém rozvoji

Saved in:
Bibliographic Details
Main Author: Hallerová, Alena
Format: Book
Language:Czech
Published: Praha VŠE 1987
Edition:1. vyd.
Tags: Add Tag
No Tags, Be the first to tag this record!

MARC

LEADER 00000nam a2200000 4500
001 c036950
005 20221219103319.2
041 0 |a cze 
044 |a CZ 
245 1 0 |a Rozpočtování a ceny v investiční výstavbě a vědeckotechnickém rozvoji  |c Alena Hallerová 
250 |a 1. vyd. 
264 1 |a Praha  |b VŠE  |c 1987 
300 |a 179 s. 
100 1 |a Hallerová, Alena